| 000 | 00974nam a2200313 i 4500 | ||
|---|---|---|---|
| 001 | 2247144 | ||
| 003 | OSt | ||
| 005 | 20260121150321.0 | ||
| 008 | 780419s1978 ilu b 001 0 eng | ||
| 010 | _a 77006031 | ||
| 020 |
_a0877847428 : _c$4.95 |
||
| 020 | _a9780877847427 | ||
| 035 | _a2247144 | ||
| 040 |
_aDLC _cDLC _dDLC |
||
| 050 | 0 | 0 |
_aBR1644 _b.H85 |
| 082 | 0 | 0 | _a270.8/2 |
| 100 | 1 | _aHummel, Charles E. | |
| 245 | 1 | 0 |
_aFire in the fireplace : _bcontemporary charismatic renewal / _cCharles E. Hummel. |
| 260 |
_aDowners Grove, Ill. : _bInterVarsity Press, _cc1978. |
||
| 300 |
_a275 p. ; _c21 cm. |
||
| 336 |
_atext _btxt _2rdacontent |
||
| 337 |
_aunmediated _bn _2rdamedia |
||
| 338 |
_avolume _bnc _2rdacarrier |
||
| 504 | _aIncludes bibliographical references and indexes. | ||
| 650 | 0 | _aPentecostalism. | |
| 906 |
_a7 _bcbc _corignew _d2 _eocip _f19 _gy-gencatlg |
||
| 942 |
_2lcc _cBK |
||
| 999 |
_c21089 _d21088 |
||